• 首页
  • 本馆介绍
  • 公告通知
  • 最新文献
  • 馆藏检索
  • 电子资源
  • 读者导购
  • 参考咨询
  • 我的图书馆
  • 登录
  • 详细信息显示
  • 放入我的书架
  • 预约/预借图书
  • 作者相关作品
  • 分类相关作品
  • 丛书相关作品
  • 出版社相关作品

书目信息

  • 表格格式
  • 工作单格式
  • 卡片格式
题名:
发汗的神经控制
    
 
作者: 汪敬熙 著 ;鲁子惠 译
分册:  
出版信息: 北京   科学出版社  1980
页数: 105页
开本: 19cm
丛书名:
单 册:
中图分类: Q426
科图分类:
主题词: 中枢神经系统-神经生理学 , 神经生理学-中枢神经系统
电子资源:
ISBN:
000 00801nam0 2200277 45
001 0180009080
005 20060809173504.96
010    @d¥0.45
091    @aCN@b13031.1182
100    @a19950413d1980 emky0chiy0121 ea
101 1  @achi@ceng
102    @aCN@b110000
105    @ay z 000yy
200 10 @a发汗的神经控制@Afa han de shen jing kong zhi@f( )汪敬熙著@g鲁子惠译
210    @a北京@c科学出版社@d1980
215    @a105页@d19cm
300    @a书名原文:The neural control of sweating
510 1  @aThe neural control of sweating@zeng
606    @a中枢神经系统-神经生理学
606    @a神经生理学-中枢神经系统
690    @aQ426@v3
701  0 @a汪敬熙@Awang jing xi@4著
702  0 @a鲁子惠@Alu zi hui@4译
801  2 @aCN@bNLC@c20060809
801  0 @aCN@bTSSF
905    @a10447@dQ426@e20
    
    发汗的神经控制/( )汪敬熙著/鲁子惠译.-北京:科学出版社,1980
    105页;19cm
    书名原文:The neural control of sweating
    
    ISBN :¥0.45
    
●
相关链接 在E读中查询图书 在五车中查询图书 在当当中查询图书 在豆瓣中查询图书


正题名:发汗的神经控制     索取号:Q426/20         预约/预借

序号 登录号 条形码 馆藏地/架位号 状态 备注
1 0451996   204519967   密集书库/ [索取号:Q426/20] 在馆    
唐山师范学院图书馆 欢迎您!
大连网信软件有限公司© 版权所有